| 000 | 00451nam a2200169Ia 4500 | ||
|---|---|---|---|
| 008 | 230917s9999||||xx |||||||||||||| ||und|| | ||
| 020 | _cRS1495 | ||
| 040 |
_e258285 _aMAIN |
||
| 041 | _aEnglish | ||
| 082 | _a370.15 S49E | ||
| 100 | _aSelvam, S K Panneer | ||
| 245 | 0 | _aEffective learning in education | |
| 260 |
_aDelhi _bAmiga Press _c2020 |
||
| 300 | _avii, 211 p. | ||
| 500 | _a3663 11/10/2019 RBP19/77163 22/10/2019 Main Budget | ||
| 942 | _cBK | ||
| 999 |
_c33200 _d33200 |
||